DISCOVERING THE BIBLE (Record no. 216487)
[ view plain ]
| 000 -LEADER | |
|---|---|
| fixed length control field | 00514nam a22001577a 4500 |
| 008 - FIXED-LENGTH DATA ELEMENTS--GENERAL INFORMATION | |
| fixed length control field | 260119b |||||||| |||| 00| 0 eng d |
| 020 ## - INTERNATIONAL STANDARD BOOK NUMBER | |
| International Standard Book Number | 978-0-8341-2247-2 |
| 100 ## - MAIN ENTRY--PERSONAL NAME | |
| Personal name | VARUGHESE, ALEX |
| 245 ## - TITLE STATEMENT | |
| Title | DISCOVERING THE BIBLE |
| Remainder of title | STORY AND FAITH OF THE BIBLICAL COMMUNITIES |
| 260 ## - PUBLICATION, DISTRIBUTION, ETC. | |
| Place of publication, distribution, etc. | KANSA CITY |
| Name of publisher, distributor, etc. | BEACON HILL PRESS |
| Date of publication, distribution, etc. | 2006 |
| 300 ## - PHYSICAL DESCRIPTION | |
| Extent | 464P. |
| 500 ## - GENERAL NOTE | |
| General note | INCLUDES BIBLIOGRAPHICAL REFERENCES AND INDEX |
| 650 ## - SUBJECT ADDED ENTRY | |
| Topical term or geographic name entry element | 1. BIBLE - TEXTBOOKS 2. BIBLE -STUDY AND TEACHING |
| 942 ## - ADDED ENTRY ELEMENTS (KOHA) | |
| Source of classification or shelving scheme | Library of Congress Classification |
| Koha item type | Long Loan Book |
| Withdrawn status | Lost status | Source of classification or shelving scheme | Damaged status | Not for loan | Collection | Home library | Current library | Shelving location | Date acquired | Inventory number | Total checkouts | Full call number | Barcode | Date last seen | Copy number | Price effective from | Koha item type |
|---|---|---|---|---|---|---|---|---|---|---|---|---|---|---|---|---|---|
| Library of Congress Classification | Arts & Social Sciences | Kisii University Library | Kisii University Library | On Display | 01/19/2026 | 110924 | BS 511.3 .D57 2006 | 000000013101 | 01/19/2026 | C.1 | 01/19/2026 | Long Loan Book | |||||
| Library of Congress Classification | Arts & Social Sciences | Kisii University Library | Kisii University Library | On Display | 01/19/2026 | 110925 | BS 511.3 .D57 2006 | 000000013100 | 01/19/2026 | C.2 | 01/19/2026 | Long Loan Book | |||||
| Library of Congress Classification | Arts & Social Sciences | Kisii University Library | Kisii University Library | On Display | 01/19/2026 | 110926 | BS 511.3 .D57 2006 | 000000013099 | 01/19/2026 | C.3 | 01/19/2026 | Long Loan Book | |||||
| Library of Congress Classification | Arts & Social Sciences | Kisii University Library | Kisii University Library | On Display | 01/19/2026 | 110927 | BS 511.3 .D57 2006 | 000000013098 | 01/19/2026 | C.4 | 01/19/2026 | Long Loan Book | |||||
| Library of Congress Classification | Arts & Social Sciences | Kisii University Library | Kisii University Library | On Display | 01/19/2026 | 110928 | BS 511.3 .D57 2006 | 000000013097 | 01/19/2026 | C.5 | 01/19/2026 | Long Loan Book |